Science Quiz

Random Science or Animal Quiz

Animal Multiplication Quiz Stats

 Plays Quiz not verified by Sporcle

Score 0/20 Timer 02:00
0 Plays Today
Hint Answer % Correct
Cat x Dog9
99.8%
Dog x Bear12
97.3%
Bear x Fish16
96.5%
Fish x Horse20
95.4%
Horse x Parrot30
93.8%
Parrot x Cheetah42
89.6%
Rhino x Dog15
89.1%
Cheetah x Rhino35
88.5%
Kangaroo x Dog24
87.1%
Kangaroo x Hyena40
86%
Hint Answer % Correct
Cheetah x Kangaroo56
85.4%
Dodo x Elephant32
84.7%
Elephant x Platypus64
82.3%
Orangutan x Cat27
82.3%
Orangutan x Elephant72
78%
Chimpanzee x Horse50
76.5%
Chimpanzee x Chimpanzee100
75%
Bear x Tyrannosaurus Rex64
60.5%
Horse x Tyrannosaurus Rex80
54.8%
Chimpanzee x Tyrannosaurus Rex160
50.8%

You're not logged in!

Compare scores with friends on all Sporcle quizzes.
OR
Log In

You Might Also Like...

Show Comments

Extras

Top Quizzes Today


Score Distribution

Your Account Isn't Verified!

In order to create a playlist on Sporcle, you need to verify the email address you used during registration. Go to your Sporcle Settings to finish the process.

Report this User

Report this user for behavior that violates our Community Guidelines.

Details: